Военное право: конспект лекций; пособие для подготовки к экзаменам

Bibliografiske detaljer
Hovedforfatter: Пятаков В. А.
Summary:Исключено из фонда НТБ ТПУ
Sprog:russisk
Udgivet: Москва, Приор-издат, 2005
Serier:Конспект лекций
В помощь студенту
Format: MixedMaterials Bog
KOHA link:https://koha.lib.tpu.ru/cgi-bin/koha/opac-detail.pl?biblionumber=86496

MARC

LEADER 00000nam0a2200000 4500
001 86496
005 20231031101612.0
010 |a 5951205247 
035 |a (RuTPU)RU\TPU\book\92891 
090 |a 86496 
100 |a 20051128d2005 m y0rusy50 ca 
101 0 |a rus 
102 |a RU 
105 |a y j 001zy 
200 1 |a  Военное право  |e конспект лекций  |e пособие для подготовки к экзаменам  |f В. А. Пятаков 
210 |a Москва  |c Приор-издат  |d 2005 
215 |a 206 с. 
225 1 |a Конспект лекций 
225 1 |a В помощь студенту 
333 |a Исключено из фонда НТБ ТПУ 
700 1 |a Пятаков  |b В. А. 
801 1 |a RU  |b 63413507  |c 20051128  |g PSBO 
801 2 |a RU  |b 63413507  |c 20220615  |g PSBO 
942 |c BK 
959 |a 97/20051124  |d 1  |e 94  |f НФ:1